<?xml version="1.0" encoding="UTF-8"?>
<record
    xmlns:xsi="http://www.w3.org/2001/XMLSchema-instance"
    xsi:schemaLocation="http://www.loc.gov/MARC21/slim http://www.loc.gov/standards/marcxml/schema/MARC21slim.xsd"
    xmlns="http://www.loc.gov/MARC21/slim">

  <leader>01003nam a2200253 a 4500</leader>
  <controlfield tag="001">83861</controlfield>
  <controlfield tag="003">BD-RjUL</controlfield>
  <controlfield tag="005">20240602113211.0</controlfield>
  <controlfield tag="008">240602s2001    bg a|||| m||| 00| 0 eng d</controlfield>
  <datafield tag="035" ind1=" " ind2=" ">
    <subfield code="a">(BD-RjUL)83861</subfield>
  </datafield>
  <datafield tag="040" ind1=" " ind2=" ">
    <subfield code="a">BD-RjUL</subfield>
    <subfield code="b">eng</subfield>
    <subfield code="c">BD-RjUL</subfield>
    <subfield code="d">BD-RjUL</subfield>
  </datafield>
  <datafield tag="041" ind1=" " ind2=" ">
    <subfield code="a">eng</subfield>
  </datafield>
  <datafield tag="082" ind1=" " ind2=" ">
    <subfield code="2">23</subfield>
    <subfield code="a">616.442</subfield>
    <subfield code="b">BAM 2001</subfield>
  </datafield>
  <datafield tag="100" ind1=" " ind2=" ">
    <subfield code="a">Badaruddin, Md.</subfield>
    <subfield code="9">13249</subfield>
  </datafield>
  <datafield tag="245" ind1="1" ind2="0">
    <subfield code="a">Molecular Characterization of Goitre-A Predominant Iodine Deficiency Disease of Northern Part of Bangladesh /</subfield>
    <subfield code="c">By Md. Badaruddin ;</subfield>
    <subfield code="6">Supervisor : M. Shahjahan, Co-Supervisor : Nurul Absar</subfield>
  </datafield>
  <datafield tag="260" ind1=" " ind2=" ">
    <subfield code="a">Rajshahi :</subfield>
    <subfield code="b">Institute of Biological Sciences, University of Rajshahi,</subfield>
    <subfield code="c">2001</subfield>
  </datafield>
  <datafield tag="300" ind1=" " ind2=" ">
    <subfield code="a">viii, 229 Leaves :</subfield>
    <subfield code="b">ill, ;</subfield>
    <subfield code="c">29 cm.</subfield>
  </datafield>
  <datafield tag="502" ind1=" " ind2=" ">
    <subfield code="a">Thesis (Ph. D.) -- Institute of Biological Sciences, University of Rajshahi, 2001</subfield>
  </datafield>
  <datafield tag="504" ind1=" " ind2=" ">
    <subfield code="a">References : Leaves 207-218</subfield>
  </datafield>
  <datafield tag="650" ind1=" " ind2=" ">
    <subfield code="a">Diseases</subfield>
    <subfield code="v">Goiter</subfield>
    <subfield code="9">13250</subfield>
  </datafield>
  <datafield tag="700" ind1=" " ind2=" ">
    <subfield code="a">Shahjahan, M. Supervisor </subfield>
    <subfield code="9">13251</subfield>
  </datafield>
  <datafield tag="700" ind1=" " ind2=" ">
    <subfield code="a">Absar, Nurul, Co-Supervisor </subfield>
    <subfield code="9">5566</subfield>
  </datafield>
  <datafield tag="942" ind1=" " ind2=" ">
    <subfield code="2">ddc</subfield>
    <subfield code="c">THE</subfield>
  </datafield>
  <datafield tag="999" ind1=" " ind2=" ">
    <subfield code="c">83861</subfield>
    <subfield code="d">83861</subfield>
  </datafield>
  <datafield tag="952" ind1=" " ind2=" ">
    <subfield code="1">0</subfield>
    <subfield code="2">ddc</subfield>
    <subfield code="4">0</subfield>
    <subfield code="7">1</subfield>
    <subfield code="8">THESES</subfield>
    <subfield code="a">RUCL</subfield>
    <subfield code="b">RUCL</subfield>
    <subfield code="c">Doc/The</subfield>
    <subfield code="d">2004-10-21</subfield>
    <subfield code="e">Controller of Exam. R. U.</subfield>
    <subfield code="l">0</subfield>
    <subfield code="o">THE 616.442 BAM 2001</subfield>
    <subfield code="p">D2323</subfield>
    <subfield code="r">2024-06-02 00:00:00</subfield>
    <subfield code="t">C-I</subfield>
    <subfield code="y">THE</subfield>
  </datafield>
</record>
